|
|
|
|
| LEADER |
00000nam0a2200000 4500 |
| 001 |
334560 |
| 005 |
20231101031228.0 |
| 035 |
|
|
|a (RuTPU)RU\TPU\book\360811
|
| 090 |
|
|
|a 334560
|
| 100 |
|
|
|a 20170830d1968 k y0rusy50 ca
|
| 101 |
0 |
|
|a rus
|
| 102 |
|
|
|a RU
|
| 105 |
|
|
|a y z 001zy
|
| 200 |
1 |
|
|a Анализ полупроводниковых материалов
|f Академия наук СССР (АН СССР), Институт геохимии и аналитической химии им. В. И. Вернадского (ГЕОХИ) ; под ред. И. П. Алимарина
|
| 210 |
|
|
|a Москва
|c Наука
|d 1968
|
| 215 |
|
|
|a 252 с.
|
| 225 |
1 |
|
|a Труды Комиссии по аналитической химии
|v Т. 16
|
| 320 |
|
|
|a Библиогр. в конце ст.
|
| 606 |
1 |
|
|a Полупроводники
|x Химический анализ
|2 stltpush
|3 (RuTPU)RU\TPU\subj\50634
|
| 610 |
1 |
|
|a полупроводниковые материалы
|
| 610 |
1 |
|
|a химические методы
|
| 610 |
1 |
|
|a полупроводниковые вещества
|
| 610 |
1 |
|
|a спектральные методы
|
| 610 |
1 |
|
|a полярографические методы
|
| 610 |
1 |
|
|a аналитическая химия
|
| 610 |
1 |
|
|a полупроводниковые соединения
|
| 610 |
1 |
|
|a масс-спектральные методы
|
| 610 |
1 |
|
|a получение
|
| 610 |
1 |
|
|a получение
|
| 610 |
1 |
|
|a применение
|
| 610 |
1 |
|
|a библиотека А. Г. Стромберга
|
| 675 |
|
|
|a 537.311.322:54
|v 4
|
| 702 |
|
1 |
|a Алимарин
|b И. П.
|4 340
|
| 712 |
0 |
2 |
|a Академия наук СССР (АН СССР)
|b Институт геохимии и аналитической химии им. В. И. Вернадского (ГЕОХИ)
|c (Москва)
|2 stltpush
|3 (RuTPU)RU\TPU\col\11383
|
| 801 |
|
1 |
|a RU
|b 63413507
|c 20170830
|
| 801 |
|
2 |
|a RU
|b 63413507
|c 20211014
|g RCR
|
| 942 |
|
|
|c BK
|